Gandhi's view of legal justice

Bibliographic Details
Main Author: Atri, Ajit
Other Authors: Sharma, Jai Narain
Format: Book
Published: New Delhi : Deep & Deep Publications , 2007
Subjects:

MARC

LEADER 00000cam a2200000 7i4500
001 0000018127
005 20080603.0
008 030608
020 |a 8176299049 
090 0 0 |a 808.334   |b ATR 
100 0 |a Atri, Ajit 
245 1 4 |a Gandhi's view of legal justice   |c Ajit Atri 
260 |a New Delhi :   |b Deep & Deep Publications ,   |c 2007 
650 0 |a Legal stories   |z India 
700 1 |a Sharma, Jai Narain 
999 |a 0001020323   |b Book   |c Adult Collection   |e Perbadanan Perpustakaan Awam Johor 
999 |a 0001020324   |b Book   |c REFERENCE   |e Perbadanan Perpustakaan Awam Johor 
999 |a 0001392996   |b Book   |c Annual Reports   |e Cawangan Tmn. Ungku Tun Aminah 
999 |a 0001461981   |b Book   |c Adult Collection   |e Cawangan Segamat